Score 0/21 Timer 03:00
0 Plays Today
Mixed Word Answer % Correct
LALAll
99.9%
AMNMan
99.8%
SAMPMaps
97.5%
ECDKDeck
96.7%
AIRFFair
95%
FOOPRProof
90.6%
DTAAData
89.1%
NEAVVane
85.5%
AADRRRadar
77%
HTACRChart
63.3%
CANHNLEChannel
57.5%
Mixed Word Answer % Correct
STMYSSESystems
47.3%
Common BondWeather
46.5%
HYLROUHourly
44%
IOSTNATStation
43.6%
RREPTOReport
39.6%
NURDEUnder
35.4%
LBOAOLNBalloon
35.2%
WIANGRNWarning
27.6%
DAELYDelay
21.1%
RMIERMerri
9%

You're not logged in!

Compare scores with friends on all Sporcle quizzes.
OR
Log In

Sporcle TV

Today on Sporcle TV


Watch our educational content, quiz creation guides, and fun videos on Sporcle TV.

Show Comments

Extras

Top Quizzes Today


Score Distribution

Your Account Isn't Verified!

In order to create a playlist on Sporcle, you need to verify the email address you used during registration. Go to your Sporcle Settings to finish the process.

Report this User

Report this user for behavior that violates our Community Guidelines.

Details: